The Central European Journal of International and Security Studies

Salvato in:
Dettagli Bibliografici
Natura: Periodico
Lingua:inglese
Pubblicazione: Prague Metropolitan University Prague Press
Tags: Aggiungi Tag
Nessun Tag, puoi essere il primo ad aggiungerne!!

MARC

LEADER 00000nas1a2200000 4500
001 0266935
005 20250701092118.8
022 |a 1805-482X 
022 |a 1802-548X 
041 0 |a eng 
044 |a CZ 
245 1 0 |a The Central European Journal of International and Security Studies 
264 1 |a Prague  |b Metropolitan University Prague Press